| 000 | 01285nam a2200313Ia 4500 | ||
|---|---|---|---|
| 001 | ebr10433570 | ||
| 003 | CaPaEBR | ||
| 006 | m u | ||
| 007 | cr cn||||||||| | ||
| 008 | 090914s2009 enka s 001 0 eng d | ||
| 020 | _z9781847196644 (pbk.) | ||
| 040 |
_aCaPaEBR _cCaPaEBR |
||
| 035 | _a(OCoLC)490988490 | ||
| 050 | 1 | 4 |
_aHF5548.323.M34 _bC37 2009eb |
| 100 | 1 | _aCarter, Richard. | |
| 245 | 1 | 0 |
_aMagento 1.3 theme design _h[electronic resource] : _bcustomize the appearance of your Magento e-commerce store with Magento's powerful theming engine / _cRichard Carter. |
| 260 |
_aBirmingham : _bPackt Pub., _c2009. |
||
| 300 |
_av, 170 p. : _bill. |
||
| 490 | 1 | _aFrom technologies to solutions | |
| 500 | _aIncludes index. | ||
| 533 |
_aElectronic reproduction. _bPalo Alto, Calif. : _cebrary, _d2011. _nAvailable via World Wide Web. _nAccess may be limited to ebrary affiliated libraries. |
||
| 650 | 0 |
_aElectronic commerce _xComputer programs. |
|
| 650 | 0 |
_aWeb sites _xDesign. |
|
| 650 | 0 | _aWeb site development. | |
| 655 | 7 |
_aElectronic books. _2local |
|
| 710 | 2 | _aebrary, Inc. | |
| 830 | 0 | _aFrom technologies to solutions. | |
| 856 | 4 | 0 |
_uhttp://site.ebrary.com/lib/rucke/Doc?id=10433570 _zAn electronic book accessible through the World Wide Web; click to view |
| 999 |
_c146678 _d146678 |
||